|
|
|
|
| LEADER |
00890nam a2200229 a 4500 |
| 001 |
GR-MES422 |
| 008 |
991111s gr 000 b eng d |
| 020 |
|
|
|a 0521323495
|
| 040 |
|
|
|a GrPaTEI
|b gre
|c GR-PaULI
|
| 245 |
0 |
0 |
|a Micro-algal biotechnology.
|
| 260 |
|
|
|a Cambridge :
|b Cambridge,
|c c1992
|
| 300 |
|
|
|a xi, 477σελ. :
|b εικ.,πιν., σχημ.
|
| 500 |
|
|
|a Περιλαμβάνει βιβλιογραφικές αναφορές
|
| 650 |
|
4 |
|a Αλγη
|
| 650 |
|
4 |
|a ΑΛΓΗ-ΒΙΟΤΕΧΝΟΛΟΓΙΑ
|
| 700 |
1 |
|
|a Borowitzka, Lesley J.
|
| 700 |
1 |
|
|a Borowitzka, Michael A.
|
| 710 |
0 |
|
|a Cambridge
|
| 942 |
|
|
|2 ddc
|
| 952 |
|
|
|0 0
|1 0
|2 ddc
|4 0
|6 660_620000000000000_ΒΟR
|7 0
|9 263654
|a MSLG
|b MSLG
|c BSC
|d 2021-01-17
|e 24
|f 0
|g 0.00
|l 0
|o 660.62 ΒΟR
|p 2420000003709
|r 2021-01-17 00:00:00
|t 1
|w 2021-01-17
|y BK15
|x 19991111 0 1
|x GrPaTEI
|
| 971 |
|
|
|a .b25714636
|b 15-04-20
|c 13-09-16
|
| 999 |
|
|
|c 151797
|d 151797
|